Normal view
MARC view
Entry Personal Name
001 - CONTROL NUMBER
- control field: 814195
003 - CONTROL NUMBER IDENTIFIER
- control field: OSt
005 - DATE AND TIME OF LATEST TRANSACTION
- control field: 20250623120510.0
008 - FIXED-LENGTH DATA ELEMENTS
- fixed length control field: 250623|| aca||aabn | a|a d
040 ## - CATALOGING SOURCE
- Original cataloging agency: OSt
- Transcribing agency: OSt
100 ## - HEADING--PERSONAL NAME
- Personal name: ਕੌਰ, ਮਨਪ੍ਰੀਤ
670 ## - SOURCE DATA FOUND
- Source citation: Work cat.: (OSt)1432764: ਕੌਰ, ਮਨਪ੍ਰੀਤ , ਭੰਵਰ- ਪਰਵਾਸ ਦੇ ਮਸਲੇ , 2020.
